20 Zufällige Flaggen der ganzen Welt - Statistiken

Allgemein
  • Dieses Quiz wurde 662 mal gespielt
    535 seit der letzten Aktualisierung
  • Das Durchschnittsergebnis liegt bei 7 aus 20
Antwortstatistiken
Bildquiz Antwort % Korrekt
Aargau
100%
Aborigines
100%
Argentinien
100%
Armenien
100%
Bahrain
100%
Belarus
100%
Bhutan
100%
Bosnien und Herzegowina
100%
Dänemark
100%
Elfenbeinküste
100%
Estland
100%
Finnland
100%
Frankreich
100%
Gabun
100%
Ghana
100%
Hongkong
100%
Indien
100%
Indonesien
100%
Irak
100%
Irland
100%
Italien
100%
Japan
100%
Jemen
100%
Kenia
100%
Kroatien
100%
Libanon
100%
Marokko
100%
Mongolei
100%
Montenegro
100%
Nigeria
100%
North Carolina
100%
Pakistan
100%
Papua Neuguinea
100%
Paraguay
100%
Portugal
100%
Rumänien
100%
Russland
100%
San Marino
100%
Schottland
100%
Serbien
100%
Sierra Leone
100%
Spanien
100%
Südafrika
100%
Suriname
100%
Syrien
100%
Tschechien
100%
Turkmenistan
100%
Ukraine
100%
Uruguay
100%
Venezuela
100%
Vereinigte Arabische Emirate
100%
Vereinigtes Königreich
100%
Wales
100%
Litauen
89%
Barbados
88%
Albanien
86%
Österreich
86%
Slowakei
86%
Tunesien
86%
Zypern
86%
Belgien
83%
Europa
83%
Polen
83%
Sri Lanka
83%
Vatikanstadt
83%
Australien
80%
China
80%
Deutschland
80%
Guatemala
80%
Jamaika
80%
Katar
80%
Norwegen
80%
Seychellen
80%
St. Vincent und die Grenadinen
80%
Vietnam
80%
Arkansas
75%
Bahamas
75%
Brasilien
75%
Chile
75%
Dominikanische Republik
75%
Haiti
75%
Iran
75%
Island
75%
Israel
75%
Kap Verde
75%
Laos
75%
Lettland
75%
Luxemburg
75%
Mali
75%
Malta
75%
Marshallinseln
75%
Mosambik
75%
Nordmazedonien
75%
Oregon
75%
Palästina
75%
Philippinen
75%
Sachsen Anhalt
75%
Saudi Arabien
75%
Schweden
75%
Singapur
75%
Slowenien
75%
Südkorea
75%
Türkei
75%
Ungarn
75%
Honduras
71%
Kanada
71%
Malaysia
71%
Afghanistan
67%
Ägypten
67%
Antigua und Barbuda
67%
Aserbaidschan
67%
Bayern
67%
Berlin
67%
Costa Rica
67%
Fidschi
67%
Georgien
67%
Griechenland
67%
Kalifornien
67%
Mauritius
67%
Nato
67%
Niederlande
67%
Niedersachsen
67%
Nordkorea
67%
Palau
67%
Panama
67%
Peru
67%
Ruanda
67%
Schweiz
67%
Somalia
67%
Tadschikistan
67%
Taiwan
67%
Tansania
67%
Tuvalu
67%
Nepal
63%
Neuseeland
63%
Andorra
60%
Angola
60%
Bangladesch
60%
Botswana
60%
Burkina Faso
60%
Demokratische Republik Kongo
60%
Kasachstan
60%
Lesotho
60%
Liechtenstein
60%
Oman
60%
Sambia
60%
Bulgarien
57%
Ecuador
57%
Trinidad und Tobago
56%
Usbekistan
56%
Afrika
50%
Algerien
50%
Bolivien
50%
El Salvador
50%
England
50%
Gibraltar
50%
Guam
50%
Guinea
50%
Guinea Bissau
50%
Guyana
50%
Kambodscha
50%
Kamerun
50%
Kansas
50%
Katalonien
50%
Komoren
50%
Kuwait
50%
Malawi
50%
Mexiko
50%
Moldawien
50%
Monaco
50%
Montana
50%
Moskau
50%
Namibia
50%
Nauru
50%
Niger
50%
Ohio
50%
Osttimor
50%
Rheinland Pfalz
50%
Samoa
50%
Schleswig Holstein
50%
Senegal
50%
Uganda
50%
Wisconsin
50%
Südsudan
45%
Brunei
43%
Grönland
43%
Mikronesien
43%
Sachsen
43%
South Dakota
43%
Vermont
43%
Antarktis
40%
Äthiopien
40%
Burundi
40%
Maine
40%
North Dakota
40%
Oklahoma
40%
Somaliland
40%
St. Kitts und Nevis
40%
St. Lucia
40%
Vanuatu
40%
Äquatorialguinea
38%
Benin
38%
Dominica
38%
Nebraska
38%
Eswatini
33%
Gambia
33%
Jordanien
33%
Kirgisistan
33%
Kolumbien
33%
Libyen
33%
Malediven
33%
Mayotte
33%
Nordirland
33%
Republik Kongo
33%
São Tomé und Príncipe
33%
Südaustralien
33%
Thailand
33%
Washington
33%
Weihnachtsinseln
33%
Puerto Rico
30%
Dschibuti
29%
Florida
29%
Nicaragua
29%
Zentralafrikanische Republik
29%
Appenzell Innerrhoden
25%
Cornwall
25%
Falklandinseln
25%
Färöer Inseln
25%
Hawaii
25%
Herm
25%
Illinois
25%
Kurdistan
25%
Michigan
25%
Nevada
25%
New Hampshire
25%
Nordrhein Westfalen
25%
Simbabwe
25%
Sudan
25%
Texas
25%
Aruba
20%
Eritrea
20%
Glarus
20%
Grenada
20%
Kentucky
20%
Neuenburg
20%
New York
20%
Region Perm
20%
Salomonen
20%
Transnistrien
20%
West Virginia
20%
Baden Württemberg
17%
Curaçao
17%
Krim
17%
Montserrat
17%
Orkney
17%
Tibet
17%
Togo
17%
Washington D.C.
17%
Abchasien
14%
Johnston Atoll
14%
Kaliningrad
13%
Alaska
11%
Bali
11%
Belize
11%
Zürich
11%
Adygeja
0%
Alabama
0%
Åland
0%
Alderney
0%
Amerikanische Jungferninseln
0%
Amerikanisch-Samoa
0%
Anguilla
0%
Appenzell Ausserrhoden
0%
Arizona
0%
Arzach
0%
Ascension
0%
Aurich
0%
Azoren
0%
Bandera Juan Fernández
0%
Barotseland
0%
Baschkortostan
0%
Basel Landschaft
0%
Basel Stadt
0%
Baskenland
0%
Bermuda
0%
Bern
0%
Bonaire
0%
Bougainville
0%
Brandenburg
0%
Bremen
0%
Britische Jungferninseln
0%
Britisches Antarktis Territorium
0%
Britisches Territorium im Indischen Ozean
0%
Britisch Kolumbien
0%
Burjatien
0%
Ceuta
0%
Chakassien
0%
Colorado
0%
Connecticut
0%
Cookinseln
0%
Dagestan
0%
Darfur
0%
Delaware
0%
El Hierro
0%
Flandern
0%
Formentera
0%
Französische Süd und Antarktisgebiete
0%
Französisch Guayana
0%
Französisch Polynesien
0%
Freiburg
0%
Fuerteventura
0%
Galápagos Inseln
0%
Genf
0%
Georgia
0%
Gran Canaria
0%
Graubünden
0%
Guadeloupe
0%
Guernsey
0%
Ibiza
0%
Idaho
0%
Indiana
0%
Inguschetien
0%
Insel Man
0%
Iowa
0%
Jarvis Inseln
0%
Jersey
0%
Jura
0%
Kabardino Balkarien
0%
Kaimaninseln
0%
Kalmückien
0%
Kanarische Inseln
0%
Karatschai Tscherkessien
0%
Kiribati
0%
Kokosinseln
0%
Korsika
0%
Kosovo
0%
Kuba
0%
La Gomera
0%
Lanzarote
0%
La Palma
0%
Liberia
0%
Lord Howe Inseln
0%
Louisiana
0%
Luzern
0%
Macau
0%
Madagaskar
0%
Madeira
0%
Mallorca
0%
Mari El
0%
Martinique
0%
Maryland
0%
Massachusetts
0%
Mauretanien
0%
Mecklenburg Vorpommern
0%
Melilla
0%
Midwayinseln
0%
Minnesota
0%
Mississippi
0%
Missouri
0%
Mordwinien
0%
Myanmar
0%
Navassa Insel
0%
Neukaledonien
0%
New Jersey
0%
New Mexico
0%
Nidwalden
0%
Niue
0%
Nördliche Marianen
0%
Nordzypern
0%
Norfolkinseln
0%
Oblast Amur
0%
Oblast Archangelsk
0%
Oblast Astrachan
0%
Oblast Belgorod
0%
Oblast Brjansk
0%
Oblast Irkutsk
0%
Oblast Iwanowo
0%
Oblast Jaroslawl
0%
Oblast Kaluga
0%
Oblast Kemerowo
0%
Oblast Kirow
0%
Oblast Kostroma
0%
Oblast Kurgan
0%
Oblast Kursk
0%
Oblast Leningrad
0%
Oblast Lipezk
0%
Oblast Magadan
0%
Oblast Moskau
0%
Oblast Murmansk
0%
Oblast Nischni
0%
Oblast Nowgorod
0%
Oblast Nowosibirsk
0%
Oblast Omsk
0%
Oblast Orenburg
0%
Oblast Orjol
0%
Oblast Pensa
0%
Oblast Pskow
0%
Oblast Rjasan
0%
Oblast Rostow
0%
Oblast Sachalin
0%
Oblast Samara
0%
Oblast Saratow
0%
Oblast Smolensk
0%
Oblast Swerdlowsk
0%
Oblast Tambow
0%
Oblast Tjumen
0%
Oblast Tomsk
0%
Oblast Tscheljabinsk
0%
Oblast Tula
0%
Oblast Twer
0%
Oblast Uljanowsk
0%
Oblast Wladimir
0%
Oblast Wolgograd
0%
Oblast Wologda
0%
Oblast Woronesch
0%
Obwalden
0%
Osterinseln
0%
Ostfriesland
0%
Palmyra
0%
Pennsylvania
0%
Pitcairninseln
0%
Prinz Edward Insel
0%
Quebec
0%
Region Altai
0%
Region Chabarowsk
0%
Region Kamtschatka
0%
Region Krasnodar
0%
Region Krasnojarsk
0%
Region Primorje
0%
Region Stawropol
0%
Region Transbaikalien
0%
Republik Altai
0%
Republik Karelien
0%
Republik Komi
0%
Réunion
0%
Rhode Island
0%
Saarland
0%
Saba
0%
Sacha
0%
Saint Barthélemy
0%
Samen
0%
Sankt Petersburg
0%
Sardinien
0%
Sark
0%
Schaffhausen
0%
Schonen
0%
Schwyz
0%
Shetlandinseln
0%
Sint Eustatius
0%
Sint Maarten
0%
Sizilien
0%
South Carolina
0%
St. Gallen
0%
St. Helena
0%
St. Pierre und Miquelon
0%
Südgeorgien und die Südlichen Sandwichinseln
0%
Südossetien
0%
Südvietnam
0%
Südwales
0%
Tasmanien
0%
Tatarstan
0%
Teneriffa
0%
Tennessee
0%
Tessin
0%
Thurgau
0%
Tokelau
0%
Tonga
0%
Tristan da Cunha
0%
Tschad
0%
Tschetschenien
0%
Tschuwaschien
0%
Turks und Caicosinseln
0%
Tuwa
0%
Udmurtien
0%
Uri
0%
USA
0%
Utah
0%
Virginia
0%
Waadt
0%
Wake Insel
0%
Wallis
0%
Wallis und Futuna
0%
Wallonische Region
0%
West Australien
0%
West Papua
0%
Westsahara
0%
Wyoming
0%
Zug
0%
Keine übereinstimmenden Quizze gefunden
Verteilung der Resultate
Anzahl Personen mit jedem Resultat
Perzentil nach korrekt beantworteten Fragen
Ihre Resultats-Entwicklung
Sie haben dieses Quiz seit der letzten Aktualisierung nicht gespielt